书目信息 |
| 题名: |
建筑制图
|
|
| 作者: | ;华南工学院 编 | |
| 分册: | ||
| 出版信息: | 北京 人民教育出版社 1979 |
|
| 页数: | 378页 | |
| 开本: | 26cm | |
| 丛书名: | ||
| 单 册: | ||
| 中图分类: | TU245 | |
| 科图分类: | ||
| 主题词: | 民用建筑--建筑设计 | |
| 电子资源: | ||
| ISBN: | ||
| 000 | 00629nam0 2200229 45 | |
| 001 | 0179006715 | |
| 005 | 20060724155236.50 | |
| 010 | @dCNY2.00 | |
| 091 | @a15012.084 | |
| 100 | @a19950727d1979 em y0chiy0121 ea | |
| 101 | 0 | @achi |
| 102 | @aCN@b110000 | |
| 105 | @ay z 000yy | |
| 200 | 10 | @a建筑制图@Ajian zhu zhi tu@f华南工学院等五院校《建筑制图》编写组编 |
| 210 | @a北京@c人民教育出版社@d1979 | |
| 215 | @a378页@d26cm | |
| 300 | @a高等学校试用教材 | |
| 606 | 0 | @a民用建筑@x建筑设计 |
| 690 | @aTU245 | |
| 711 | 02 | @a华南工学院@Ahua nan gong xue yuan@4编 |
| 801 | 0 | @aCN@bNLC@c20060724 |
| 905 | @f2@b12961-962@dTU245@e4 | |
| 建筑制图/华南工学院等五院校《建筑制图》编写组编.-北京:人民教育出版社,1979 |
| 378页;26cm |
| 高等学校试用教材 |
| ISBN :CNY2.00 |
| ● |
| 相关链接 |
|
|
|
|
正题名:建筑制图
索取号:TU245/4
 
预约/预借
| 序号 | 登录号 | 条形码 | 馆藏地/架位号 | 状态 | 备注 |
| 1 | 0012961 | 001480481 | 第二样本阅览室/ [索取号:TU245/4] | 在馆 | |
| 2 | 0012962 | 001480472 | 第三借阅区/ [索取号:TU245/4] | 在馆 | |
| 3 | 0438280 | 204382809 | 密集书库/ [索取号:TU245/4] | 在馆 |